000 00497nam a2200181 i 4500
001 135482
003 ES-MaACL
005 20230906194906.0
007 t|
008 070718s1968 sp ||||1| spa d
080 _a860-32"19"
100 1 _aTorbado, Jesús.
_9110622
245 1 0 _aHistorias de amor /
_cJesús Torbado ; prólogo de Octavio Fullat.
250 _a[1ª ed.].
260 _a[Barcelona] :
_bNauta,
_c[1968]
300 _a247 p. ;
_c19 cm.
852 _aES-MaACL
_jG-4560
_bR.66292
999 _c135482
_d135482